| 000 | 02246cam a22004094a 4500 | ||
|---|---|---|---|
| 001 | 15814274 | ||
| 003 | OSt | ||
| 005 | 20150408114112.0 | ||
| 008 | 090710s2010 paua b 001 0 eng | ||
| 010 | _a 2009028370 | ||
| 016 | 7 |
_a101510292 _2DNLM |
|
| 020 | _a9780781784542 (alk. paper) | ||
| 020 | _a0781784549 (alk. paper) | ||
| 035 | _a(OCoLC)ocn426115352 | ||
| 040 |
_aDNLM/DLC _cDLC _dYDX _dBTCTA _dNLM _dDLC |
||
| 042 | _apcc | ||
| 050 | 0 | 0 |
_aRM216 _b.D8627 2010 |
| 060 | 1 | 0 |
_aWB 39 _bD845n 2010 |
| 082 | 0 | 0 |
_a615.854 _222 _bDSN |
| 100 | 1 |
_aDudek, Susan G. _910097 |
|
| 245 | 1 | 0 |
_aNutrition essentials for nursing practice / _cSusan G. Dudek. |
| 250 | _a6th ed. | ||
| 260 |
_aPhiladelphia : _bWolters Kluwer Health/Lippincott Williams & Wilkins, _cc2010. |
||
| 300 |
_ax, 598 p. : _bill. (some col.) ; _c26 cm. |
||
| 504 | _aIncludes bibliographical references and index. | ||
| 505 | 0 | _aNutrition in nursing -- Carbohydrates -- Protein -- Lipids -- Vitamins -- Water and minerals -- Energy balance -- Guidelines for healthy eating -- Consumer issues -- Cultural and religious influences on food and nutrition -- Healthy eating for healthy babies -- Nutrition for infants, children, and adolescents -- Nutrition for older adults -- Obesity and eating disorders -- Feeding patients : oral diets and enteral and parenteral nutrition -- Nutrition for patients with metabolic or respiratory stress -- Nutrition for patients with upper gastrointestinal disorders -- Nutrition for patients with disorders of the lower GI tract and accessory organs -- Nutrition for patients with diabetes mellitus -- Nutrition for patients with cardiovascular disorders -- Nutrition for patients with kidney disorders -- Nutrition for patients with cancer or HIV/AIDS. | |
| 650 | 0 | _aDiet therapy. | |
| 650 | 0 | _aNutrition. | |
| 650 | 0 | _aNursing. | |
| 650 | 1 | 2 |
_aDiet Therapy _vHandbooks. |
| 650 | 1 | 2 |
_aDiet Therapy _vNurses' Instruction. _910099 |
| 650 | 2 | 2 |
_aNutritional Physiological Phenomena _vHandbooks. _920069 |
| 650 | 2 | 2 |
_aNutritional Physiological Phenomena _vNurses' Instruction. _911464 |
| 906 |
_a7 _bcbc _corignew _d1 _eecip _f20 _gy-gencatlg |
||
| 942 |
_2ddc _cDVD |
||
| 999 |
_c27188 _d261688 |
||